<The> servant leader transforming your heart, head, hands, & habits
Gespeichert in:
| 1. Verfasser: | |
|---|---|
| Weitere Verfasser: | |
| Format: | Buch |
| Sprache: | Englisch |
| Veröffentlicht: |
Nashville
Thomas Nelson
2003
|
| Schlagworte: | |
| Tags: |
Keine Tags, Fügen Sie das erste Tag hinzu!
|
MARC
| LEADER | 00000nam a2200000 4500 | ||
|---|---|---|---|
| 001 | 0178041 | ||
| 005 | 20240306135333.6 | ||
| 020 | |a 978-0-8499-9659-7 | ||
| 041 | 0 | |a eng | |
| 044 | |a US | ||
| 245 | 1 | 0 | |a <The> servant leader |b transforming your heart, head, hands, & habits |c Ken Blanchard and Phil Hodges |
| 264 | 1 | |a Nashville |b Thomas Nelson |c 2003 | |
| 300 | |a 125 s. | ||
| 610 | 2 | 0 | |a lídri |
| 610 | 2 | 0 | |a manažéri |
| 610 | 2 | 0 | |a pracovníci riadiaci |
| 610 | 2 | 0 | |a morálka pracovná |
| 610 | 2 | 0 | |a etika podnikateľská |
| 610 | 2 | 0 | |a riadenie |
| 610 | 2 | 0 | |a náboženstvo |
| 100 | 1 | |a Blanchard, Ken | |
| 700 | 1 | |a Hodges, Phil | |